Statistics for Christmas quiz

Click here to take the quiz!

General Stats

  • This quiz has been taken 26 times
  • The average score is 9 of 14

Answer Stats

hintAnswer% Correct
Jesus was born hereBethlehem
88%
Santa's helperElf
84%
Jesus' momMary
84%
Santa's red-nosed reindeerRudolph
84%
Christmas movie with a green thing stealing Santa and giftsGrinch
80%
What Santa saysHo Ho Ho!
80%
Jesus' birth countryIsrael/Palestine
80%
Santa's homeNorth Pole
80%
_ NightSilent/Holy
80%
Time before ChristmasAdvent
60%
Santa gives thisGifts
56%
Santa's other nameFather Christmas
40%
Speaking of elf ...Elf on the Shelf
4%
I am _Nice
4%

Score Distribution

Percentile by Number Answered

Percent of People with Each Score

Your Score History

You have not taken this quiz